| 000 | 00624nam a22002057a 4500 | ||
|---|---|---|---|
| 003 | NUST | ||
| 005 | 20240214114654.0 | ||
| 008 | 190620b ||||| |||| 00| 0 eng d | ||
| 038 | _aMr Noman Tariq | ||
| 082 | _a610.28 | ||
| 100 |
_aMisha Mazhar _915214 |
||
| 245 |
_aMagnetic Actuation of an Artificial Muscle Model _cMisha Mazhar |
||
| 260 |
_aIslamabad _bSMME _c2017 |
||
| 300 |
_a30p. _c30cm |
||
| 600 |
_aMisha Mazhar _915214 |
||
| 610 | _2Bio Medical Sciences and Engineering - Ms - Thesis | ||
| 700 |
_aDr Umar Ansari _916112 |
||
| 856 | _uhttp://10.250.8.41:8080/xmlui/handle/123456789/6702 | ||
| 942 |
_2ddc _cTHE |
||
| 999 |
_c524393 _d524393 |
||